[Event "Mittelrhein Verbandsliga-S 18/19"]
[Site "Nordrheinwestfalen"]
[Date "2019.04.07"]
[Round "9.2"]
[White "Schwarz, Andreas"]
[Black "Kuehnast, Volker"]
[Result "1/2-1/2"]
[WhiteElo "2118"]
[BlackElo "1747"]
[PlyCount "103"]
[EventDate "2018.09.02"]
[EventType "team-tourn"]
[EventRounds "11"]
[EventCountry "GER"]
[SourceTitle "EXT 2022"]
[Source "ChessBase"]
[SourceDate "2021.10.06"]
[SourceVersion "1"]
[SourceVersionDate "2021.10.06"]
[SourceQuality "1"]
[WhiteTeam "Troisdorf"]
[BlackTeam "Bergische SF II"]
[WhiteTeamCountry "GER"]
[BlackTeamCountry "GER"]

1. b3 Nh6 2. Bb2 f6 3. d4 g6 4. Nf3 Bg7 5. e3 0-0 6. Be2 d6 7. d5 e5 8. dxe6 Bxe6 9. c4 c6 10. Nc3 f5 11. h4 Qa5 12. Qd2 Rd8 13. h5 d5 14. 0-0-0 Na6 15. cxd5 Bxd5 16. Nxd5 Qxd2+ 17. Rxd2 cxd5 18. hxg6 hxg6 19. Ne5 Bxe5 20. Bxe5 Nf7 21. Bb2 Nb4 22. Kb1 a5 23. a3 Na6 24. Rhd1 Nc7 25. Bf3 Ra6 26. Bxd5 Nxd5 27. Rxd5 Rad6 28. Rxd6 Rxd6 29. Rxd6 Nxd6 30. f3 Kf7 31. Bc3 b6 32. a4 Ke6 33. Kc2 Kd5 34. Kd3 Nb7 35. b4 axb4 36. Bxb4 Nd8 37. e4+ Ke6 38. Bc3 Kd6 39. Kc4 Kc6 40. Bd4 Ne6 41. Be3 Nc7 42. Kd4 fxe4 43. Kxe4 Nd5 44. Bd4 Kd6 45. g4 Ke6 46. f4 Kd6 47. f5 gxf5+ 48. Kxf5 Kc6 49. Bf6 Ne3+ 50. Kf4 Nxg4 51. Kxg4 b5 52. axb5+ 1/2-1/2

[Event "Mittelrhein Verbandsliga-S 18/19"]
[Site "Nordrheinwestfalen"]
[Date "2019.01.20"]
[Round "6.2"]
[White "Kuehnast, Volker"]
[Black "Fuss, Jean Pierre"]
[Result "0-1"]
[WhiteElo "1769"]
[BlackElo "1958"]
[PlyCount "90"]
[EventDate "2018.09.02"]
[EventType "team-tourn"]
[EventRounds "11"]
[EventCountry "GER"]
[SourceTitle "EXT 2022"]
[Source "ChessBase"]
[SourceDate "2021.10.06"]
[SourceVersion "1"]
[SourceVersionDate "2021.10.06"]
[SourceQuality "1"]
[WhiteTeam "Bergische SF II"]
[BlackTeam "St Augustin Turm"]
[WhiteTeamCountry "GER"]
[BlackTeamCountry "GER"]

1. e4 c5 2. Nf3 Nc6 3. Bb5 Nd4 4. Nxd4 cxd4 5. c3 Qb6 6. a4 g6 7. 0-0 Bg7 8. Re1 Nf6 9. e5 Nd5 10. Qf3 Nc7 11. Bc4 0-0 12. b4 d5 13. exd6 Qxd6 14. Ba3 Qf6 15. Qxf6 Bxf6 16. cxd4 Be6 17. Bxe6 Nxe6 18. Nc3 Nxd4 19. Rac1 Nb3 20. Rcd1 Rfd8 21. Ne4 Bg7 22. b5 e6 23. Bb4 Rd4 24. Bc3 Rxa4 25. Rb1 Bxc3 26. dxc3 Rxe4 27. Rxe4 Nd2 28. Ree1 Nxb1 29. Rxb1 Rc8 30. Rb3 Kf8 31. Kf1 Ke7 32. Ra3 Rc5 33. c4 Rxc4 34. Rxa7 Rc7 35. g4 f6 36. Ra8 Kd6 37. Rf8 f5 38. f3 Ke5 39. Kg2 Rc5 40. Rf7 Rxb5 41. Rxh7 Kf4 42. gxf5 Rb2+ 43. Kh3 gxf5 44. Re7 e5 45. Rf7 b5 0-1

[Event "Mittelrhein Verbandsliga-S 18/19"]
[Site "Nordrheinwestfalen"]
[Date "2018.12.16"]
[Round "5.2"]
[White "Herborth, Manfred"]
[Black "Kuehnast, Volker"]
[Result "1/2-1/2"]
[WhiteElo "1764"]
[BlackElo "1769"]
[PlyCount "28"]
[EventDate "2018.09.02"]
[EventType "team-tourn"]
[EventRounds "11"]
[EventCountry "GER"]
[SourceTitle "EXT 2022"]
[Source "ChessBase"]
[SourceDate "2021.10.06"]
[SourceVersion "1"]
[SourceVersionDate "2021.10.06"]
[SourceQuality "1"]
[WhiteTeam "Koeln Lasker III"]
[BlackTeam "Bergische SF II"]
[WhiteTeamCountry "GER"]
[BlackTeamCountry "GER"]

1. d4 g6 2. e4 Bg7 3. f4 d6 4. Nf3 Bg4 5. Be2 c6 6. 0-0 Qb6 7. c3 e6 8. Nbd2 Nd7 9. Nc4 Qc7 10. e5 Bf8 11. exd6 Bxd6 12. Nxd6+ Qxd6 13. Ne5 Bxe2 14. Qxe2 Ne7 1/2-1/2

[Event "Mittelrhein Verbandsliga-S 18/19"]
[Site "Nordrheinwestfalen"]
[Date "2018.09.02"]
[Round "1.2"]
[White "Gahler, Cornelius"]
[Black "Kuehnast, Volker"]
[Result "1/2-1/2"]
[WhiteElo "2074"]
[BlackElo "1787"]
[PlyCount "77"]
[EventDate "2018.09.02"]
[EventType "team-tourn"]
[EventRounds "11"]
[EventCountry "GER"]
[SourceTitle "EXT 2022"]
[Source "ChessBase"]
[SourceDate "2021.10.06"]
[SourceVersion "1"]
[SourceVersionDate "2021.10.06"]
[SourceQuality "1"]
[WhiteTeam "Rheinbacher SF"]
[BlackTeam "Bergische SF II"]
[WhiteTeamCountry "GER"]
[BlackTeamCountry "GER"]

1. d4 g6 2. c4 Bg7 3. Nc3 d6 4. e4 e5 5. dxe5 dxe5 6. Qxd8+ Kxd8 7. Bg5+ f6 8. 0-0-0+ Bd7 9. Be3 Bh6 10. Bxh6 Nxh6 11. g3 c6 12. Bh3 Kc7 13. Bxd7 Nxd7 14. f3 Nf7 15. Nge2 a5 16. Na4 Rad8 17. h4 b6 18. b3 Nb8 19. Kc2 Na6 20. a3 Rxd1 21. Rxd1 Rd8 22. Rxd8 Nxd8 23. Kc3 b5 24. cxb5 cxb5 25. Nb2 Kb6 26. Nd1 Kc5 27. Ne3 Nc7 28. Ng4 Ne8 29. Nf2 Ne6 30. Nd3+ Kc6 31. f4 Nd6 32. fxe5 Nxe4+ 33. Kc2 fxe5 34. Nxe5+ Kd5 35. Nf3 h6 36. Kd3 N4c5+ 37. Kc3 Ne4+ 38. Kd3 N4c5+ 39. Kc3 1/2-1/2

[Event "Mittelrhein Verbandsliga-N 17/18"]
[Site "Nordrheinwestfalen"]
[Date "2018.04.15"]
[Round "10.8"]
[White "Kuehnast, Volker"]
[Black "Steiz, Johann"]
[Result "1-0"]
[WhiteElo "1792"]
[BlackElo "1681"]
[PlyCount "93"]
[EventDate "2017.09.10"]
[EventType "team-swiss"]
[EventRounds "11"]
[EventCountry "GER"]
[SourceTitle "EXT 2022"]
[Source "ChessBase"]
[SourceDate "2021.10.06"]
[SourceVersion "1"]
[SourceVersionDate "2021.10.06"]
[SourceQuality "1"]
[WhiteTeam "Bergische SF"]
[BlackTeam "Dormagen SV"]
[WhiteTeamCountry "GER"]
[BlackTeamCountry "GER"]

1. e4 c5 2. Nf3 Nc6 3. Bb5 Nf6 4. Nc3 e6 5. 0-0 Be7 6. d4 d5 7. exd5 exd5 8. dxc5 0-0 9. Bxc6 bxc6 10. Be3 Bg4 11. h3 Bxf3 12. Qxf3 Qa5 13. a3 Qc7 14. b4 Qe5 15. Ne2 Ne4 16. Nd4 Nd2 17. Bxd2 Qxd4 18. Bc3 Qc4 19. Rfd1 Qa6 20. Qg3 f6 21. Re1 Qb7 22. Re6 Qd7 23. Rae1 Rf7 24. Qd3 a5 25. Qe2 axb4 26. Bxb4 Bf8 27. Re8 Qxe8 28. Qxe8 Rxe8 29. Rxe8 Rc7 30. Rb8 Kf7 31. a4 Be7 32. a5 Ke6 33. Rb6 Kd7 34. Kf1 Ra7 35. a6 Bd8 36. Rb7+ Rxb7 37. axb7 Bc7 38. Ba5 Bb8 39. Bb6 Ke6 40. Ke2 Ke5 41. Bd8 Kd4 42. Be7 Kc4 43. Bd6 Ba7 44. Kd2 Kd4 45. Kc1 Kc3 46. b8Q Bxb8 47. Bxb8 1-0

[Event "GER S3G2 enginefrei email"]
[Site "GER email"]
[Date "2018.03.17"]
[Round "?"]
[White "Kuehnast, Volker"]
[Black "Reuter, Manfred"]
[Result "0-1"]
[WhiteElo "1767"]
[BlackElo "2068"]
[PlyCount "80"]
[EventDate "2018.03.26"]
[EventType "tourn (corr)"]
[EventRounds "6"]
[EventCountry "GER"]
[SourceTitle "Corr 2022"]
[Source "ChessBase"]
[SourceDate "2021.10.24"]
[SourceVersion "1"]
[SourceVersionDate "2021.10.24"]
[SourceQuality "1"]

1. e4 e5 2. Nf3 Nc6 3. Bc4 Nf6 4. d3 Be7 5. 0-0 0-0 6. a4 d6 7. a5 a6 8. Re1 h6 9. c3 Be6 10. Nbd2 Qd7 11. Qb3 Rab8 12. Nf1 Rfe8 13. Ne3 Bxc4 14. Qxc4 Bf8 15. Bd2 Ne7 16. b4 c6 17. Qb3 Ng6 18. Nf5 d5 19. Rad1 c5 20. c4 d4 21. bxc5 Bxc5 22. Qc2 Qc7 23. Rb1 Bf8 24. h3 Ne7 25. N3h4 Nd7 26. Nxe7+ Bxe7 27. Nf5 Nc5 28. Rf1 Bf6 29. f4 Re6 30. Rf3 b6 31. Kh2 Kh7 32. Qa2 bxa5 33. Bxa5 Qc8 34. Rxb8 Qxb8 35. Qa3 Nd7 36. Bd2 exf4 37. Bxf4 Be5 38. g3 Qb1 39. Rf2 Rb6 40. Rg2 Bxf4 0-1

[Event "GER AK-1894 email"]
[Site "GER email"]
[Date "2017.08.29"]
[Round "?"]
[White "Kuehnast, Volker"]
[Black "Rheindt, Stefan"]
[Result "1-0"]
[WhiteElo "1767"]
[BlackElo "1470"]
[PlyCount "63"]
[EventDate "2017.09.04"]
[EventType "tourn (corr)"]
[EventRounds "6"]
[EventCountry "GER"]
[SourceTitle "Corr 2022"]
[Source "ChessBase"]
[SourceDate "2021.10.24"]
[SourceVersion "1"]
[SourceVersionDate "2021.10.24"]
[SourceQuality "1"]

1. e4 e5 2. Nf3 Nf6 3. Nxe5 d6 4. Nxf7 Kxf7 5. d4 g6 6. Nc3 Be6 7. Be2 c6 8. 0-0 Kg7 9. f4 Rg8 10. g4 Kh8 11. g5 Nxe4 12. Nxe4 Nd7 13. Ng3 Bg7 14. c3 Rf8 15. h4 Nb6 16. h5 gxh5 17. Bxh5 Qd7 18. Qc2 Bf5 19. Nxf5 Qxf5 20. Qxf5 Rxf5 21. Bg4 Rf7 22. f5 Raf8 23. Bf4 Nd5 24. Bxd6 Rd8 25. Bh5 Rfd7 26. Bg3 Ne3 27. Rf3 Nc4 28. Re1 Nd6 29. f6 Bf8 30. Bg4 Nf7 31. Bxd7 Rxd7 32. Re8 1-0

[Event "GER AK-1894 email"]
[Site "GER email"]
[Date "2017.08.29"]
[Round "?"]
[White "Rheindt, Stefan"]
[Black "Kuehnast, Volker"]
[Result "0-1"]
[WhiteElo "1470"]
[BlackElo "1767"]
[PlyCount "52"]
[EventDate "2017.09.04"]
[EventType "tourn (corr)"]
[EventRounds "6"]
[EventCountry "GER"]
[SourceTitle "Corr 2022"]
[Source "ChessBase"]
[SourceDate "2021.10.24"]
[SourceVersion "1"]
[SourceVersionDate "2021.10.24"]
[SourceQuality "1"]

1. e4 g6 2. d4 Bg7 3. f4 d6 4. Nf3 a6 5. Bc4 c5 6. c3 Nh6 7. dxc5 Qc7 8. Qa4+ Nc6 9. cxd6 exd6 10. 0-0 b5 11. Bxb5 Qb6+ 12. Nd4 Bxd4+ 13. cxd4 Qxb5 14. Qd1 f5 15. d5 Qb6+ 16. Kh1 Ne7 17. e5 Ng4 18. exd6 Qxd6 19. Qd4 0-0 20. Nc3 Bb7 21. Rd1 Rad8 22. h3 Nf6 23. Qe5 Rfe8 24. Be3 Nexd5 25. Nxd5 Rxe5 26. Nxf6+ Qxf6 0-1

[Event "GER Liga Q Server-37 email"]
[Site "GER email"]
[Date "2017.04.20"]
[Round "?"]
[White "Sagenschneider, Uwe"]
[Black "Kuehnast, Volker"]
[Result "0-1"]
[WhiteElo "1481"]
[BlackElo "1767"]
[PlyCount "38"]
[EventDate "2017.04.25"]
[EventType "tourn (corr)"]
[EventRounds "6"]
[EventCountry "GER"]
[SourceTitle "Corr 2022"]
[Source "ChessBase"]
[SourceDate "2021.10.24"]
[SourceVersion "1"]
[SourceVersionDate "2021.10.24"]
[SourceQuality "1"]

1. d4 g6 2. Nf3 Bg7 3. Bf4 d6 4. e3 Nd7 5. c3 e5 6. Bg3 Qe7 7. Be2 Nh6 8. 0-0 Nf5 9. Nbd2 h5 10. e4 Nxg3 11. hxg3 Nf6 12. d5 Bg4 13. Nh4 Bh6 14. f3 Be3+ 15. Kh1 g5 16. Nc4 Bc5 17. Nf5 h4 18. Nfe3 hxg3+ 19. Kg1 Qf8 0-1

[Event "Mittelrhein Verbandsliga-M 16/17"]
[Site "Nordrheinwestfalen"]
[Date "2017.03.19"]
[Round "9.8"]
[White "Kuehnast, Volker"]
[Black "Reuter, Markus"]
[Result "1/2-1/2"]
[WhiteElo "1833"]
[BlackElo "1688"]
[PlyCount "35"]
[EventDate "2016.09.11"]
[EventType "team-tourn"]
[EventRounds "11"]
[EventCountry "GER"]
[SourceTitle "EXT 2022"]
[Source "ChessBase"]
[SourceDate "2021.10.06"]
[SourceVersion "1"]
[SourceVersionDate "2021.10.06"]
[SourceQuality "1"]
[WhiteTeam "Bergische SF"]
[BlackTeam "Niederkassel III"]
[WhiteTeamCountry "GER"]
[BlackTeamCountry "GER"]

1. e4 e6 2. d3 d5 3. Nd2 c5 4. Ngf3 Nf6 5. g3 Nc6 6. Bg2 Be7 7. 0-0 0-0 8. Re1 b5 9. e5 Nd7 10. Nf1 a5 11. h4 Bb7 12. N1h2 Re8 13. h5 a4 14. Bh3 b4 15. g4 Na5 16. g5 Nf8 17. Ng4 d4 18. Ngh2 1/2-1/2

[Event "Mittelrhein Verbandsliga-M 16/17"]
[Site "Nordrheinwestfalen"]
[Date "2016.12.18"]
[Round "5.8"]
[White "Kuehnast, Volker"]
[Black "Schaffeld, Martin"]
[Result "1/2-1/2"]
[WhiteElo "1833"]
[BlackElo "1627"]
[PlyCount "40"]
[EventDate "2016.09.11"]
[EventType "team-tourn"]
[EventRounds "11"]
[EventCountry "GER"]
[SourceTitle "EXT 2022"]
[Source "ChessBase"]
[SourceDate "2021.10.06"]
[SourceVersion "1"]
[SourceVersionDate "2021.10.06"]
[SourceQuality "1"]
[WhiteTeam "Bergische SF"]
[BlackTeam "Langenfeld II"]
[WhiteTeamCountry "GER"]
[BlackTeamCountry "GER"]

1. e4 c5 2. Nf3 e6 3. d3 d5 4. Nbd2 Nc6 5. g3 Nf6 6. Bg2 Be7 7. 0-0 0-0 8. Re1 dxe4 9. dxe4 e5 10. c3 Be6 11. Ng5 Bg4 12. f3 Bd7 13. h4 h6 14. Nh3 Re8 15. Qe2 Bf8 16. Nf1 Qc7 17. g4 Ne7 18. g5 Bxh3 19. Bxh3 hxg5 20. hxg5 Nh5 1/2-1/2

[Event "Mittelrhein Verbandsliga-M 15/16"]
[Site "Nordrheinwestfalen"]
[Date "2016.03.13"]
[Round "9.7"]
[White "Hoerchens, Joern"]
[Black "Kuehnast, Volker"]
[Result "1/2-1/2"]
[WhiteElo "1745"]
[BlackElo "1824"]
[PlyCount "84"]
[EventDate "2015.09.06"]
[EventType "team-tourn"]
[EventRounds "11"]
[EventCountry "GER"]
[SourceTitle "EXT 2022"]
[Source "ChessBase"]
[SourceDate "2021.10.06"]
[SourceVersion "1"]
[SourceVersionDate "2021.10.06"]
[SourceQuality "1"]
[WhiteTeam "Dormagen SV"]
[BlackTeam "Bergische SF"]
[WhiteTeamCountry "GER"]
[BlackTeamCountry "GER"]

1. d4 g6 2. c4 Bg7 3. Nc3 d6 4. Nf3 e5 5. g3 Nc6 6. dxe5 Nxe5 7. Nxe5 Bxe5 8. Bg2 c6 9. 0-0 Be6 10. Qd3 Qd7 11. Re1 f5 12. f4 Bg7 13. e4 Kf7 14. Be3 Nf6 15. Rad1 Rhd8 16. b3 Qc7 17. Qc2 Kg8 18. Rd2 Ng4 19. Bd4 Bxd4+ 20. Rxd4 Qb6 21. Qd2 Nh6 22. Kh1 Nf7 23. Rd1 Qa5 24. Qb2 Rd7 25. b4 Qc7 26. a4 Rad8 27. h3 Re7 28. b5 a6 29. Kh2 axb5 30. axb5 Qb6 31. Qd2 c5 32. Rd5 Qa5 33. exf5 gxf5 34. Qb2 Kf8 35. Qc2 Qb4 36. Qd3 Qb3 37. Rb1 Qa3 38. Qc2 Qa5 39. Rc1 Bxd5 40. Nxd5 Re1 41. Rxe1 Qxe1 42. Qxf5 Re8 1/2-1/2

[Event "Reykjavik op"]
[Site "Reykjavik"]
[Date "2013.02.27"]
[Round "10"]
[White "Kuehnast, Volker"]
[Black "Ingvason, Johann"]
[Result "0-1"]
[WhiteElo "1936"]
[BlackElo "2148"]
[PlyCount "36"]
[EventDate "2013.02.19"]
[EventType "swiss"]
[EventRounds "10"]
[EventCountry "ISL"]
[SourceTitle "CBM 153 Extra"]
[Source "ChessBase"]
[SourceDate "2013.04.22"]
[SourceVersion "1"]
[SourceVersionDate "2013.04.22"]
[SourceQuality "1"]

1. e4 e6 2. d3 d5 3. Nd2 c5 4. Ngf3 Nc6 5. g3 h5 6. h3 Bd6 7. Bg2 Bd7 8. exd5 exd5 9. 0-0 h4 10. Re1+ Nge7 11. Nxh4 Qc7 12. Bxd5 Bxg3 13. Qf3 Bh2+ 14. Kf1 0-0-0 15. Rxe7 Nxe7 16. Ng2 Nxd5 17. Qxd5 Bxh3 18. Qf3 Rd6 0-1

[Event "Gibraltar Masters 10th"]
[Site "Caleta"]
[Date "2012.01.24"]
[Round "1"]
[White "Kuehnast, Volker"]
[Black "Daurelle, Herve"]
[Result "0-1"]
[WhiteElo "1933"]
[BlackElo "2148"]
[PlyCount "80"]
[EventDate "2012.01.24"]
[EventType "swiss"]
[EventRounds "10"]
[EventCountry "GGB"]
[SourceTitle "CBM 147"]
[Source "ChessBase"]
[SourceDate "2012.03.16"]
[SourceVersion "1"]
[SourceVersionDate "2012.03.16"]
[SourceQuality "1"]

1. e4 c5 2. Nf3 e6 3. d3 Nc6 4. g3 Nf6 5. Bg2 d5 6. Nbd2 Be7 7. 0-0 0-0 8. Re1 Qc7 9. c3 b6 10. h4 Ba6 11. Bf1 Rfd8 12. e5 Nd7 13. Qe2 b5 14. a4 b4 15. c4 dxc4 16. Nxc4 Nb6 17. Qe4 Nd4 18. a5 Bb7 19. axb6 axb6 20. Rxa8 Bxa8 21. Nxd4 Bxe4 22. Nxe6 fxe6 23. Rxe4 b5 24. Nd2 Rd4 25. Re1 c4 26. Nf3 Rd5 27. d4 b3 28. Bh3 Qc8 29. Bg5 Bf8 30. Bd2 h6 31. g4 Rd8 32. g5 b4 33. gxh6 gxh6 34. Kh2 c3 35. Rg1+ Kh7 36. bxc3 bxc3 37. Bg5 c2 38. Bxd8 c1Q 39. Rxc1 Qxc1 40. Bxe6 Qf4+ 0-1

[Event "Dresden ZMDI Blitz"]
[Site "Dresden"]
[Date "2011.08.09"]
[Round "4"]
[White "Kuehnast, Volker"]
[Black "Bisse, Vilorij"]
[Result "1-0"]
[WhiteElo "1898"]
[BlackElo "1972"]
[PlyCount "145"]
[EventDate "2011.08.06"]
[EventType "swiss (blitz)"]
[EventRounds "9"]
[EventCountry "GER"]
[SourceTitle "EXT 2022"]
[Source "ChessBase"]
[SourceDate "2021.10.06"]
[SourceVersion "1"]
[SourceVersionDate "2021.10.06"]
[SourceQuality "1"]

1. e4 c5 2. Nf3 Nc6 3. Bb5 d6 4. 0-0 Bg4 5. h3 Bh5 6. Re1 e5 7. c3 a6 8. Bf1 Nf6 9. d3 h6 10. Nbd2 g5 11. g4 Bg6 12. Nc4 Be7 13. Bg2 Nh7 14. Ne3 Nf8 15. Nf5 Ne6 16. d4 Nf4 17. Bxf4 gxf4 18. dxe5 dxe5 19. Qb3 Qc7 20. Rad1 Rd8 21. Rd5 h5 22. Red1 hxg4 23. hxg4 0-0 24. R1d2 Bxf5 25. gxf5 Kg7 26. Qd1 Kf6 27. Nh2 Rh8 28. Ng4+ Kg7 29. f6+ Bxf6 30. Nxf6 Kxf6 31. Qg4 Qc8 32. Rd7 Rxd7 33. Rxd7 Qe8 34. Qf5+ Kg7 35. Rxb7 Rh6 36. Kf1 Rf6 37. Qg5+ Rg6 38. Qh4 Na5 39. Qe7 Qxe7 40. Rxe7 Re6 41. Rxe6 fxe6 42. b3 Nb7 43. Ke2 Kf6 44. Kd3 Nd6 45. b4 c4+ 46. Kc2 Ke7 47. f3 Kd7 48. Bh3 Nc8 49. Kd2 Nd6 50. a4 Nb7 51. Bg4 Nd6 52. Bh3 Nb7 53. Bf1 Nd6 54. Ke1 Kc6 55. Kf2 Kd7 56. Kg2 Ke7 57. Kh3 Kf7 58. Kh4 Kg6 59. Bh3 Nc8 60. Bxe6 Nb6 61. a5 Na4 62. Bxc4 Nxc3 63. Bxa6 Na4 64. Bf1 Kf6 65. b5 Ke7 66. b6 Kd6 67. Kg5 Nc5 68. a6 Kc6 69. b7 Kc7 70. Kf5 Nd7 71. Ke6 Nc5+ 72. Kd5 Nd7 73. Bb5 1-0